|
|
|
|
| LEADER |
00000nam a2200000 a 4500 |
| 001 |
vtls011977201 |
| 003 |
SK-MaSNL |
| 005 |
20260301145540.0 |
| 008 |
200628s1908 xr fr 000 e cze |
| 040 |
|
|
|a SNK
|b slo
|c SNK
|e AACR2
|
| 041 |
1 |
|
|a cze
|
| 044 |
|
|
|a xr
|c CZ
|
| 100 |
1 |
|
|a La Bruyère, Jean de,
|d 1645-1696
|4 aut
|9 198560
|
| 240 |
1 |
4 |
|a Les Caractères ou les Mœurs de ce siècle
|l Česky
|
| 245 |
1 |
0 |
|a Charaktery, čili, Mravy tohoto věku
|c La Bruyère ; vybral a z frančiny přeložil Otokar Šimek
|
| 260 |
|
|
|a Praha
|b J. Otto
|c 1908
|
| 300 |
|
|
|a vii, 324 s.
|c 15 cm
|
| 490 |
1 |
|
|a Světová knihovna
|v č. 668-672
|
| 648 |
|
7 |
|a 17. stor.
|2 SNKPH
|9 288141
|
| 650 |
0 |
7 |
|a etika
|2 SNKPH
|9 792
|
| 655 |
|
7 |
|a úvahy
|2 SNKPH
|9 29403
|
| 700 |
1 |
|
|a Šimek, Otokar,
|d 1878-1950
|4 trl
|9 505506
|
| 830 |
|
0 |
|a Světová knihovna
|9 287708
|
| 958 |
|
|
|a DG
|
| 999 |
|
|
|c 780554
|d 782484
|
| 952 |
|
|
|a SNK
|b SNK
|y VYP
|7 0
|p 17A0523273
|o snkIE 85
|i snk222/41
|3 rekatalogizácia
|0 0
|1 0
|4 0
|d 2007-08-21
|l 0
|r 2026-02-24 01:03:11
|w 2026-02-24
|